El desorden de las imágenes: Vicente Huidobro, Pablo Neruda, Nicanor Parra

-д хадгалсан:
Номзүйн дэлгэрэнгүй
Үндсэн зохиолч: Schopf, Federico (Зохиогч)
Формат: Ном
Хэл сонгох:испани
Хэвлэсэн: Santiago Universitaria 2010
Хэвлэл:1a. ed
Нөхцлүүд:
Шошгууд: Шошго нэмэх
Шошго байхгүй, Энэхүү баримтыг шошголох эхний хүн болох!

MARC

LEADER 00000nam a2200000 a 4500
001 UCG5056
003 CL-VaPUC
008 101230e20100000CL |||||||||||||||||spa|d
020 |a 9789561121201 
082 0 4 |a Ch861.9  |b SCH  |2 21 
100 0 |a Schopf, Federico  |e author  |9 554593 
245 1 3 |a El desorden de las imágenes: Vicente Huidobro, Pablo Neruda, Nicanor Parra 
250 |a 1a. ed 
300 |a 231 p 
942 |c BK 
945 |d 20101230 00:00:00  |a dcastane 
260 |a Santiago  |b Universitaria  |c 2010 
650 0 |a Poesía chilena   |9 268403 
650 0 |a Crítica e interpretación   |9 255042 
583 |a last modification  |c 20101230 00:00:00  |k Rodrigo Vera 
999 |c 343629  |d 343627 
952 |0 0  |1 0  |4 0  |6 CH_861_900000000000000_SCH_2010  |7 0  |8 A  |9 441066  |a FDOPOS  |b BIBEDU  |d 2019-11-22  |i 4744586  |l 4  |o Ch861.9 SCH 2010  |p 4744586  |r 2025-01-17  |s 2024-12-13  |w 2019-11-22  |y BK  |k DLH